| 000 | 00848nam a2200217Ia 4500 | ||
|---|---|---|---|
| 999 |
_c38540 _d38540 |
||
| 001 | 4641 | ||
| 003 | GE_BSU | ||
| 005 | 20190510143656.0 | ||
| 008 | 181216s1998||||ge |||||||||||||| ||geo|| | ||
| 040 | _cGE_BSU | ||
| 041 | _ageo | ||
| 080 | _a1(075.8) ე-82 | ||
| 100 |
_aერქომაიშვილი, ვახტანგ _9944 |
||
| 245 |
_aფილოსოფია / _c ვახტანგ ერქომაიშვილი ; რედ : ჯანსუღ კორძაია |
||
| 250 | _aგადამუშ. და შევს. გამოცემა. | ||
| 264 |
_aთბილისი .: _bკვარი, _c1998. |
||
| 300 |
_a304 გვ . ; _c20სმ. |
||
| 653 | _aფილოსოფია | ||
| 700 |
_a კორძაია,ჯანსუღ _eრედაქტორი _9946 |
||
| 942 |
_cBK _2udc |
||